| 000 | 01285nam a2200241 a 4500 | ||
|---|---|---|---|
| 001 | BRCA_8992 | ||
| 005 | 20190320210502.0 | ||
| 008 | 130717s1781----sp-#######---#000-0#spa-# | ||
| 041 | _aspa | ||
| 044 | _asp | ||
| 084 |
_aLM10(19-43) _b.M66 1781 |
||
| 100 | 1 |
_aMontreuil, Bernardino de _922314 |
|
| 245 | 1 | 0 |
_aHistoria de los principios, y establecimientos de la iglesia desde el nacimiento del Mesías, hasta la muerte de todos los apóstoles _bobra sacada de los quatro Evangelios, y Hechos Apostolicos: reducida a un cuerpo de historia _cpor el P. Bernardino de Montreuil, de la Compañía de Jesús; y su continuación hasta el fin de las vidas de los Apóstoles, tomada de las memorias eclesiásticas de Mr. Luis Sebastian Lenain de Tillemont; traducida del francés por otro padre de la misma compañía. |
| 260 |
_aMadrid _bEn la oficina de D. Manuel Martin, don de hallará _c1781 |
||
| 300 |
_a432 p. (t.3 III. pte. IV y V) _c21.5 x 16 cm |
||
| 500 | _aCon las licencias necesarias | ||
| 500 | _aEstado físico: presenta encuadernación en pergamino y con cintas rotas | ||
| 600 | 1 | 4 |
_aJesucristo _xHistoria _922315 |
| 650 | 1 | 4 |
_aIglesia católica _yObras anteriores a 1800 _922316 |
| 700 | 1 |
_aLenain de Tillemont,Luis Sebastian _922317 |
|
| 902 | _aCFM | ||
| 942 |
_2lcc _cB |
||
| 999 |
_c8643 _d8643 |
||